Local government/ Jawahar Lal Gupta
Guardat en:
| Autor principal: | |
|---|---|
| Format: | Llibre |
| Idioma: | anglès |
| Publicat: |
Wisdom Press
2013
|
| Etiquetes: |
Afegir etiqueta
Sense etiquetes, Sigues el primer a etiquetar aquest registre!
|
MARC
| LEADER | 00000nam a22000007a 4500 | ||
|---|---|---|---|
| 008 | 201207b ||||| |||| 00| 0 eng d | ||
| 020 | |a 978-93-82006-63-3 | ||
| 100 | |a GUPTA, Jawahar Lal. | ||
| 245 | |a Local government/ Jawahar Lal Gupta |c Jawahar Lal Gupta |g 328p. | ||
| 260 | |b Wisdom Press |c 2013 |h New Delhi |i 691570 |i 691571 |l JS8 .G95 |m Local government – India. | ||
| 942 | |a ddc |c BK |e YUNUSA, A.A. |f 7/12/2020 | ||
| 952 | |0 0 |1 0 |2 lcc |4 0 |6 JS0008 G95 |7 0 |9 170 |a HOL |b MPL |c GJ |d 2020-12-07 |l 0 |o JS8 .G95 |p 2020-0117 |r 2020-12-07 00:00:00 |w 2020-12-07 |y BK | ||
| 952 | |0 0 |1 0 |2 lcc |4 0 |6 JS0008 G95 |7 0 |9 171 |a HOL |b HOL |c GJ |d 2020-12-07 |l 0 |o JS8 .G95 |p 2020-0118 |r 2020-12-07 00:00:00 |w 2020-12-07 |y BK | ||
| 999 | |c 58 |d 58 | ||